[Event "Nuremberg LGA Cup 5th"]
[Site "Nuremberg"]
[Date "2008.09.04"]
[Round "1.89"]
[White "Quast, Max"]
[Black "Hirschberg, Valerian"]
[Result "0-1"]
[WhiteElo "1093"]
[BlackElo "2070"]
[PlyCount "90"]
[EventDate "2008.09.04"]
[EventType "swiss"]
[EventRounds "7"]
[EventCountry "GER"]
[SourceTitle "EXT 2022"]
[Source "ChessBase"]
[SourceDate "2021.10.06"]
[SourceVersion "1"]
[SourceVersionDate "2021.10.06"]
[SourceQuality "1"]

1. e4 c6 2. Nc3 d5 3. exd5 cxd5 4. d4 Nc6 5. Nf3 Nf6 6. Bd3 Bg4 7. 0-0 Nxd4 8. Be2 Nxe2+ 9. Qxe2 e6 10. Bf4 Bxf3 11. Qxf3 Bd6 12. Rfe1 Bxf4 13. Qxf4 0-0 14. Rad1 Qb6 15. Na4 Qc6 16. Rd2 Ne4 17. Rd4 Rfe8 18. Rb4 a5 19. Rbxe4 dxe4 20. Rxe4 Rad8 21. Re1 Qxc2 22. Nc3 Qxb2 23. Qe3 Qd2 24. Qxd2 Rxd2 25. g3 h5 26. Kg2 Rc8 27. Rc1 b5 28. Ne4 Rxf2+ 29. Kxf2 Rxc1 30. Ke3 Rc2 31. a3 Ra2 32. Nd6 Rxa3+ 33. Kd2 b4 34. Nb5 Ra2+ 35. Kc1 a4 36. Kb1 Rxh2 37. Ka1 b3 38. Kb1 e5 39. Nc3 a3 40. Ka1 Rh1+ 41. Nb1 e4 42. g4 e3 43. gxh5 e2 44. h6 Rxb1+ 45. Kxb1 e1Q# 0-1